Xu hướng đổi mới trong lịch sử Việt Nam-Những gương mặt tiêu biểu

Wedi'i Gadw mewn:
Manylion Llyfryddiaeth
Fformat: Llyfr
Iaith:Undetermined
Cyhoeddwyd: Hà Nội Văn hóa Thông tin 2000
Pynciau:
Tagiau: Ychwanegu Tag
Dim Tagiau, Byddwch y cyntaf i dagio'r cofnod hwn!
Thư viện lưu trữ: Trung tâm Học liệu Trường Đại học Cần Thơ
LEADER 00530nam a2200169Ia 4500
001 CTU_36962
008 210402s9999 xx 000 0 und d
020 |b 35.000đ 
082 |a 920 
082 |b X500 
245 0 |a Xu hướng đổi mới trong lịch sử Việt Nam-Những gương mặt tiêu biểu 
260 |a Hà Nội 
260 |b Văn hóa Thông tin 
260 |c 2000 
650 |a Celebrities,Vietnam 
904 |i Minh, 000615 
980 |a Trung tâm Học liệu Trường Đại học Cần Thơ